Water resource management and development / (Record no. 104973)

MARC details
000 -LEADER
fixed length control field 00579nam a22001937a 4500
005 - DATE AND TIME OF LATEST TRANSACTION
control field 20161205172945.0
010 ## - LCCN (DPL NO)
LC control number ENG-116746
020 ## - INTERNATIONAL STANDARD BOOK NUMBER
International Standard Book Number 9788184846263
Terms of availability 680.00
035 ## - SYSTEM CONTROL NUMBER
System control number EN-100278
037 ## - SOURCE OF ACQUISITION
Source of stock number/acquisition DBAD/PUB
082 ## - DEWEY DECIMAL CLASSIFICATION NUMBER
Classification number 333.911
100 ## - MAIN ENTRY--PERSONAL NAME
Personal name Sahoo,Rajan Kumar
245 ## - TITLE STATEMENT
Title Water resource management and development /
Statement of responsibility, etc by Ranjan Kumar Sahoo
260 ## - PUBLICATION, DISTRIBUTION, ETC. (IMPRINT)
Place of publication, distribution, etc New Delhi
Name of publisher, distributor, etc Regal Publications
Date of publication, distribution, etc 2017
270 ## - ADDRESS
Address F-159 Rajouri Garden
City New Delhi
Postal code 110027
300 ## - PHYSICAL DESCRIPTION
Extent xvi,140p.
Dimensions 23cm(Hb)
500 ## - GENERAL NOTE
General note Includes index
942 ## - ADDED ENTRY ELEMENTS (KOHA)
Source of classification or shelving scheme Dewey Decimal Classification
Item type English Books
Classification part 333.911
Call number suffix SAH
Holdings
Withdrawn status Lost status Not for loan Collection code Home library Current library Date acquired Source of acquisition Cost, normal purchase price Full call number Barcode Copy number Cost, replacement price Koha item type
    Not For Loan Non-fiction D.B.Act.Division Bawana 05/12/2016 DBAD/PUB 680.00 333.911 SAH EN-100278 1 680.00 English Books

© Delhi Public Library
Hit Counter
free hit counter